<?xml version="1.0" encoding="UTF-8"?>
<record
    xmlns:xsi="http://www.w3.org/2001/XMLSchema-instance"
    xsi:schemaLocation="http://www.loc.gov/MARC21/slim http://www.loc.gov/standards/marcxml/schema/MARC21slim.xsd"
    xmlns="http://www.loc.gov/MARC21/slim">

  <leader>03313cam a2200541Mu 4500</leader>
  <controlfield tag="001">ocn972289754</controlfield>
  <controlfield tag="003">OCoLC</controlfield>
  <controlfield tag="005">20231130105821.0</controlfield>
  <controlfield tag="006">m     o  d        </controlfield>
  <controlfield tag="007">cr |n|---|||||</controlfield>
  <controlfield tag="008">170211s2016    enk     o     000 0 eng d</controlfield>
  <datafield tag="020" ind1=" " ind2=" ">
    <subfield code="a">9780191070792</subfield>
  </datafield>
  <datafield tag="020" ind1=" " ind2=" ">
    <subfield code="a">0191070793</subfield>
  </datafield>
  <datafield tag="035" ind1=" " ind2=" ">
    <subfield code="a">(OCoLC)972289754</subfield>
  </datafield>
  <datafield tag="040" ind1=" " ind2=" ">
    <subfield code="a">EBLCP</subfield>
    <subfield code="b">eng</subfield>
    <subfield code="e">pn</subfield>
    <subfield code="c">EBLCP</subfield>
    <subfield code="d">OCLCO</subfield>
    <subfield code="d">OCLCQ</subfield>
    <subfield code="d">S2H</subfield>
    <subfield code="d">OCLCO</subfield>
    <subfield code="d">OCLCF</subfield>
    <subfield code="d">OCLCO</subfield>
    <subfield code="d">OCLCQ</subfield>
    <subfield code="d">OCLCO</subfield>
  </datafield>
  <datafield tag="050" ind1=" " ind2="4">
    <subfield code="a">RG950</subfield>
  </datafield>
  <datafield tag="082" ind1="0" ind2="4">
    <subfield code="a">618.2</subfield>
    <subfield code="2">23</subfield>
  </datafield>
  <datafield tag="100" ind1="1" ind2=" ">
    <subfield code="a">Medforth, Janet.</subfield>
    <subfield code="9">33862</subfield>
  </datafield>
  <datafield tag="245" ind1="1" ind2="0">
    <subfield code="a">Oxford Handbook of Midwifery 3e.</subfield>
  </datafield>
  <datafield tag="250" ind1=" " ind2=" ">
    <subfield code="a">3rd ed.</subfield>
  </datafield>
  <datafield tag="260" ind1=" " ind2=" ">
    <subfield code="a">Oxford :</subfield>
    <subfield code="b">OUP Oxford,</subfield>
    <subfield code="c">2016.</subfield>
  </datafield>
  <datafield tag="300" ind1=" " ind2=" ">
    <subfield code="a">1 online resource (870 pages)</subfield>
  </datafield>
  <datafield tag="336" ind1=" " ind2=" ">
    <subfield code="a">text</subfield>
    <subfield code="b">txt</subfield>
    <subfield code="2">rdacontent</subfield>
  </datafield>
  <datafield tag="337" ind1=" " ind2=" ">
    <subfield code="a">computer</subfield>
    <subfield code="b">c</subfield>
    <subfield code="2">rdamedia</subfield>
  </datafield>
  <datafield tag="338" ind1=" " ind2=" ">
    <subfield code="a">online resource</subfield>
    <subfield code="b">cr</subfield>
    <subfield code="2">rdacarrier</subfield>
  </datafield>
  <datafield tag="490" ind1="1" ind2=" ">
    <subfield code="a">Oxford Handbooks in Nursing</subfield>
  </datafield>
  <datafield tag="505" ind1="0" ind2=" ">
    <subfield code="a">Cover; Oxford Handbook of Midwifery; Copyright; Contents; Symbols and abbreviations; Part 1 Introduction; 1 Introduction; 2 Preconception care; 3 Sexual health; 4 Antenatal care; 5 Health advice in pregnancy; 6 Minor disorders of pregnancy; 7 Helping women cope with pregnancy: complementary therapies; 8 The need for social support; 9 Infections and sepsis; 10 Medical conditions during pregnancy; 11 Obesity; 12 Pregnancy complications; 13 Hypertensive disorders of pregnancy; Part 2 Normal labour; 14 Normal labour: first stage; 15 Pain relief in labour: non-&amp;#x200B;pharmacological</subfield>
  </datafield>
  <datafield tag="505" ind1="8" ind2=" ">
    <subfield code="a">16 Pain relief in labour: pharmacological 17 Normal labour: second stage; 18 Normal labour: third stage; 19 Immediate care of the newborn; Part 3 Complicated labour; 20 Management of malpositions and malpresentations; 21 High-&amp;#x200B;risk labour; 22 Maternal emergencies during pregnancy, labour, and postnatally; 23 Fetal emergencies during pregnancy, labour, and postnatally; Part 4 Postnatal care; 24 Postnatal care; 25 Disorders of the postnatal period; Part 5 Contraception; 26 Contraception; Part 6 Care of the newborn; 27 Care of the newborn; Part 7 Feeding; 28 Breastfeeding</subfield>
  </datafield>
  <datafield tag="505" ind1="8" ind2=" ">
    <subfield code="a">29 Artificial feedingIndex; Index of emergencies.</subfield>
  </datafield>
  <datafield tag="520" ind1=" " ind2=" ">
    <subfield code="a">This unique and bestselling handbook provides midwives with everything they need for successful practice. It contains concise, practical and expert guidance on all aspects of the midwife's role, from pre-conceptual advice to the final post-natal examination of the mother and baby.</subfield>
  </datafield>
  <datafield tag="588" ind1="0" ind2=" ">
    <subfield code="a">Print version record.</subfield>
  </datafield>
  <datafield tag="650" ind1=" " ind2="0">
    <subfield code="a">Midwifery</subfield>
    <subfield code="v">Handbooks, manuals, etc.</subfield>
    <subfield code="9">33863</subfield>
  </datafield>
  <datafield tag="650" ind1=" " ind2="2">
    <subfield code="a">Midwifery</subfield>
    <subfield code="v">methods</subfield>
    <subfield code="v">Handbooks.</subfield>
    <subfield code="9">33864</subfield>
  </datafield>
  <datafield tag="650" ind1=" " ind2="2">
    <subfield code="a">Infant Care</subfield>
    <subfield code="v">methods</subfield>
    <subfield code="v">Handbooks.</subfield>
    <subfield code="9">33865</subfield>
  </datafield>
  <datafield tag="650" ind1=" " ind2="2">
    <subfield code="a">Pregnancy</subfield>
    <subfield code="v">Handbooks.</subfield>
    <subfield code="9">33866</subfield>
  </datafield>
  <datafield tag="650" ind1=" " ind2="6">
    <subfield code="a">Sages-femmes</subfield>
    <subfield code="v">Guides, manuels, etc.</subfield>
    <subfield code="9">33867</subfield>
  </datafield>
  <datafield tag="650" ind1=" " ind2="7">
    <subfield code="a">Midwifery</subfield>
    <subfield code="2">fast</subfield>
    <subfield code="9">1532</subfield>
  </datafield>
  <datafield tag="655" ind1=" " ind2="7">
    <subfield code="a">Handbooks and manuals</subfield>
    <subfield code="2">fast</subfield>
    <subfield code="9">35</subfield>
  </datafield>
  <datafield tag="700" ind1="1" ind2=" ">
    <subfield code="a">Ball, Linda.</subfield>
    <subfield code="9">33868</subfield>
  </datafield>
  <datafield tag="700" ind1="1" ind2=" ">
    <subfield code="a">Walker, Angela.</subfield>
    <subfield code="9">33869</subfield>
  </datafield>
  <datafield tag="700" ind1="1" ind2=" ">
    <subfield code="a">Battersby, Sue.</subfield>
    <subfield code="9">33870</subfield>
  </datafield>
  <datafield tag="700" ind1="1" ind2=" ">
    <subfield code="a">Stables, Sarah.</subfield>
    <subfield code="9">33871</subfield>
  </datafield>
  <datafield tag="776" ind1="0" ind2="8">
    <subfield code="i">Print version:</subfield>
    <subfield code="a">Medforth, Janet.</subfield>
    <subfield code="t">Oxford Handbook of Midwifery 3e.</subfield>
    <subfield code="d">Oxford : OUP Oxford, &#xFFFD;2016</subfield>
  </datafield>
  <datafield tag="830" ind1=" " ind2="0">
    <subfield code="a">Oxford handbooks in nursing.</subfield>
    <subfield code="9">33872</subfield>
  </datafield>
  <datafield tag="856" ind1="4" ind2="0">
    <subfield code="u">https://koha.ucc.edu.gh/cgi-bin/koha/opac-retrieve-file.pl?id=cd3449fb67d2415b460df7af20035d75</subfield>
  </datafield>
  <datafield tag="942" ind1=" " ind2=" ">
    <subfield code="2">lcc</subfield>
    <subfield code="c">BK</subfield>
  </datafield>
  <datafield tag="948" ind1=" " ind2=" ">
    <subfield code="h">NO HOLDINGS IN GHUCC - 123 OTHER HOLDINGS</subfield>
  </datafield>
  <datafield tag="999" ind1=" " ind2=" ">
    <subfield code="c">47769</subfield>
    <subfield code="d">47769</subfield>
  </datafield>
</record>
